000 00613nam a2200217Ia 4500
003 OSt
005 20220926024655.0
006 a|||||r|||| 00| 0
007 ta
008 220923b |||||||| |||| 00| 0 eng d
037 _cGeneral Book
040 _aRTL
_cRTL
_beng
041 _2eng
_aeng
082 _aY.7678.N5, J6.3
100 _aPritchard E E E
_9321711
245 0 _aNuer,A Description Of the Modes Of Livelihood And
260 _aOxford
_bClarendan Press
_c1956
300 _a266p
_ccm.
942 _hY.7678.N5, J6.3
_cGB
_2CC
999 _c645203
_d645203